Function spaces : Proceedings of the sixth conference was held in Wroclaw, Poland, 3-8 September 2001
This volume discusses the following topics: convex analysis, operator theory, interpolation theory, theory of real functions, theory of analytic functions, bifurcation theory, Fourier analysis, functional analysis, measure theory, geometry of Banach spaces, history of mathematics.
Guardado en:
| Formato: | Libro |
|---|---|
| Lenguaje: | Undetermined |
| Publicado: |
River Edge, New Yersey
World Scientific
2003
|
| Materias: | |
| Etiquetas: |
Agregar Etiqueta
Sin Etiquetas, Sea el primero en etiquetar este registro!
|
| Thư viện lưu trữ: | Trung tâm Học liệu Trường Đại học Cần Thơ |
|---|
| LEADER | 00919nam a2200205Ia 4500 | ||
|---|---|---|---|
| 001 | CTU_157137 | ||
| 008 | 210402s9999 xx 000 0 und d | ||
| 020 | |c 162.00 | ||
| 082 | |a 515.73 | ||
| 082 | |b F979 | ||
| 245 | 0 | |a Function spaces : | |
| 245 | 0 | |b Proceedings of the sixth conference was held in Wroclaw, Poland, 3-8 September 2001 | |
| 245 | 0 | |c Editors R. Grzaślewicz ... [et al.] | |
| 260 | |a River Edge, New Yersey | ||
| 260 | |b World Scientific | ||
| 260 | |c 2003 | ||
| 520 | |a This volume discusses the following topics: convex analysis, operator theory, interpolation theory, theory of real functions, theory of analytic functions, bifurcation theory, Fourier analysis, functional analysis, measure theory, geometry of Banach spaces, history of mathematics. | ||
| 650 | |a Function spaces,Hàm số không gian | ||
| 904 | |i Trọng Hải | ||
| 980 | |a Trung tâm Học liệu Trường Đại học Cần Thơ | ||